000 00855nam a22002417a 4500
999 _c63970
_d63970
005 20240530110708.0
008 180121s2015 ua a g b 000 0dara d
017 _a2014/25844
_bمصر. دار الكتب
020 _a9789774313437
040 _aEG-CaGPL
_cEG-CaGPL
082 0 4 _221
_a153.4\
_bف ت
100 0 _aفايزة حلمى
245 1 2 _aالتفكير السلبى :
_bجذوره - خصائصه - كيفية التحرر منه /
_cفايزة حلمى .
250 _aط.1
260 _aالقاهرة :
_bمؤسسة طيبة للنشر والتوزيع،
_c2014 .
300 _a240 ص. ؛
_c24 سم.
504 _aببليوجرافية : ص 230 - 238
650 0 7 _2qrmak
_aالتفكير
650 0 7 _2qrmak
_aالتفكير السلبى
651 _2qrmak
942 _2ddc
_cBK